000 00522nam a2200193 4500
003 LK-CoMWRAF
005 20231122144359.0
008 231122b |||||||| |||| 00| 0 eng d
040 _aLK-CoMWRAF
_dLK-CoMWRAF
_eLK-CoMWRAF
041 _aeng
082 _a297.122
_bELI
100 _aEliasii, M. A. Haleem
245 _aThe Holy Qur'an :
_bTransliteration in roman script
260 _aDelhi :
_bIslamic book service,
_c2004
300 _a603p
650 _aQur'an
700 _aAli, Abdullah Yusuf
_econt.
942 _cBK
999 _c4215
_d4215